MICROPROCESSOR ARCHITECTURE PROGRAMMING AND APPLICATIONS WITH THE 8085 8080 A (Record no. 574380)

000 -LEADER
fixed length control field 00307nam a22001097a 4500
082 ## - DEWEY DECIMAL CLASSIFICATION NUMBER
Classification number 004.16 GAO'M
100 ## - MAIN ENTRY--PERSONAL NAME
Personal name GAONKAR, RAMESH S
9 (RLIN) 64658
245 ## - TITLE STATEMENT
Title MICROPROCESSOR ARCHITECTURE PROGRAMMING AND APPLICATIONS WITH THE 8085 8080 A
260 ## - PUBLICATION, DISTRIBUTION, ETC.
Place of publication, distribution, etc. NEWDELHI
Name of publisher, distributor, etc. WILEY EASTERN
Date of publication, distribution, etc. 1986
300 ## - PHYSICAL DESCRIPTION
Extent 656P
942 ## - ADDED ENTRY ELEMENTS (KOHA)
Koha item type Book
Holdings
Withdrawn status Lost status Damaged status Not for loan Permanent Location Current Location Shelving location Date acquired Total Checkouts Full call number Barcode Date last seen Price effective from Koha item type
        College of Electrical & Mechanical Engineering (CEME) College of Electrical & Mechanical Engineering (CEME) General Stacks 07/31/2017   004.16 GAO'M CEME-22683 06/28/2021 06/28/2021 Book
© 2023 Central Library, National University of Sciences and Technology. All Rights Reserved.